| 000 | 00957nam a22002777a 4500 | ||
|---|---|---|---|
| 999 |
_c14865 _d14865 |
||
| 003 | MIRAKIL | ||
| 005 | 20220318165859.0 | ||
| 008 | 220318b tu ||||| |||| 00| 0 tur d | ||
| 020 | _a9754707529 | ||
| 040 |
_aTR-AnCHP _cTR-AnCHP |
||
| 041 | _atur | ||
| 082 |
_a320.9561 _bC59m 1999 |
||
| 100 | _aCizre, Ümit | ||
| 245 | 1 | 0 |
_aMuktedirlerin siyaseti : _bmerkez sağ - ordu - İslâmcılık / _cÜmit Cizre, çeviren: Cahide Ekiz |
| 246 | _amerkez sağ - ordu - İslâmcılık | ||
| 260 |
_aİstanbul : _bİletişim yayınları, _c1999. |
||
| 300 |
_a197 s. ; _c19 sm. |
||
| 490 | 0 |
_aİletişim Yayınları ; _a Araştırma inceleme ; _v568. _v91. |
|
| 504 | _aBibliyografik bilgi içerir. | ||
| 650 | 0 |
_99 _aSiyaset ve yönetim _xTürkiye |
|
| 650 | 0 |
_95221 _aOrdu ve siyaset _xTürkiye |
|
| 650 | 0 |
_95876 _aSiyaset ve din _xTürkiye |
|
| 700 |
_97039 _aEkiz, Cahide _eçev. |
||
| 740 | _amerkez sağ - ordu - İslâmcılık | ||
| 942 |
_2ddc _cBKS |
||